000 01138pam a2200373 i 4500
999 _c65725
_d65725
001 768714001
003 CO-MdFUSB
005 20201016103610.0
007 ta
008 900611t1977 gau b 001 0 eng
010 _a90041229
020 _a155540510X (alk. paper)
020 _a1555405118 (pbk. : alk. paper)
040 _aDLC
_cCO-MdFUSB
_dCUF
_dCO-MdFUSB
_dUtOrBLW
_bspa
_erda
041 _aeng
082 _223
_a296.155
_bF55
100 1 _aFitzmyer, Joseph A.
_eautor
245 1 4 _aThe Dead Sea scrolls :
_bmajor publications and tools for study /
_cJoseph A. Fitzmyer.
250 _aEdición revisada
264 1 _aAtlanta, Ga. :
_bScholars Press,
_c[1977]
264 4 _c©1977
300 _axvi, 246 páginas ;
_c24 cm.
336 _atexto
_btxt
_2rdacontent.
337 _asin mediación
_bn
_2rdamedia.
338 _avolumen
_bnc
_2rdacarrier.
490 1 _aResources for biblical study ;
563 _aRústico
653 _aManuscritos del Mar Muerto.
830 0 _aResources for biblical study ;
_vno. 20.
942 _cBK
945 _aJTF-925